| 000 | 00409nam a2200133Ia 4500 | ||
|---|---|---|---|
| 008 | 211122s9999||||xx |||||||||||||| ||und|| | ||
| 082 |
_a823 _bDAV-F |
||
| 100 | _aDavid, Mary T | ||
| 245 | 0 | _aFydor Mikhailovich Dostoevsky`s Crime and Punishment | |
| 260 |
_bKonark _aDelhi _c1993 |
||
| 630 | _xGeneral Stack | ||
| 650 |
_aEnglish Literature _vEnglish FictionEnglish NovelsShort StoriesEnglish |
||
| 942 | _cBOOK | ||
| 999 |
_c133225 _d133225 |
||